[Event "4. Praha Open B"]
[Site "Praha CZE"]
[Date "2005.01.14"]
[Round "1.6"]
[White "Nemcova, Karolina"]
[Black "Plesnik, Miroslav"]
[Result "1/2-1/2"]
[WhiteElo "1650"]
[BlackElo "2040"]
[PlyCount "126"]
[EventDate "2005.01.14"]
[EventType "swiss"]
[EventRounds "9"]
[EventCountry "CZE"]
[Source "lmi"]
[SourceDate "2005.01.20"]

1. e4 e6 2. d4 d5 3. Nd2 Nf6 4. e5 Nfd7 5. Ngf3 c5 6. Nb3 Nc6 7. c3 Be7 8. Bb5
Qb6 9. Bxc6 bxc6 10. O-O c4 11. Nbd2 c5 12. Qc2 Ba6 13. Re1 O-O 14. b3 cxd4 15.
Nxd4 Rac8 16. N2f3 cxb3 17. axb3 Rc7 18. Be3 Bc5 19. Reb1 Rfc8 20. c4 Nxe5 21.
Nxe5 Bxd4 22. Rxa6 Qxa6 23. Bxd4 dxc4 24. Nxc4 Qb5 25. Qb2 Qg5 26. Ra1 Qb5 27.
Nd6 Qxb3 28. Nxc8 Qxb2 29. Bxb2 Rxc8 30. Rxa7 h5 31. h4 Rc4 32. g3 f6 33. f4
Rc2 34. Rb7 Re2 35. Rb5 Kf7 36. Bd4 Kg6 37. Rb2 Re4 38. Rd2 Kf5 39. Kf2 Kg4 40.
Be3 Ra4 41. Rd7 Ra2+ 42. Rd2 Ra3 43. Re2 g6 44. Kg2 Rc3 45. Bf2 Rc6 46. Rd2 Ra6
47. Rd7 Ra2 48. Rf7 Kf5 49. Kf3 Ra3+ 50. Be3 Rb3 51. Kf2 Rb2+ 52. Kf3 Rb3 53.
Rd7 e5 54. fxe5 fxe5 55. Rf7+ Ke6 56. Rg7 Kf5 57. Kf2 Rb2+ 58. Kg1 Rb3 59. Bf2
e4 60. Rf7+ Ke6 61. Rf8 Ke5 62. Re8+ Kf5 63. Rf8+ Ke5 1/2-1/2

[Event "4. Praha Open B"]
[Site "Praha CZE"]
[Date "2005.01.14"]
[Round "1.7"]
[White "Zpevak, Milan"]
[Black "Nemec, Vaclav"]
[Result "1-0"]
[WhiteElo "1989"]
[BlackElo "1639"]
[PlyCount "61"]
[EventDate "2005.01.14"]
[EventType "swiss"]
[EventRounds "9"]
[EventCountry "CZE"]
[Source "lmi"]
[SourceDate "2005.01.20"]

1. e4 e5 2. Nf3 Nc6 3. Bb5 a6 4. Ba4 Nf6 5. O-O Nxe4 6. Re1 b5 7. Bb3 d5 8. d3
Nf6 9. Bg5 Be6 10. Nxe5 Nxe5 11. Rxe5 Bd6 12. Re1 O-O 13. Qf3 c6 14. Bxf6 Qxf6
15. Qxf6 gxf6 16. Nd2 Kh8 17. d4 Rg8 18. c3 Rg7 19. Bc2 Rag8 20. g3 h5 21. Nf3
f5 22. Ne5 Bxe5 23. Rxe5 Rg5 24. f4 R5g7 25. Bxf5 Bxf5 26. Rxf5 h4 27. Kf2
hxg3+ 28. hxg3 Re8 29. Rh1+ Rh7 30. Rxh7+ Kxh7 31. Rxf7+ 1-0

[Event "4. Praha Open B"]
[Site "Praha CZE"]
[Date "2005.01.14"]
[Round "1.11"]
[White "Bilek, Vlastimil"]
[Black "Belec, Mikolas"]
[Result "1-0"]
[WhiteElo "2093"]
[BlackElo "1560"]
[PlyCount "55"]
[EventDate "2005.01.14"]
[EventType "swiss"]
[EventRounds "9"]
[EventCountry "CZE"]
[Source "lmi"]
[SourceDate "2005.01.20"]

1. d4 d5 2. Nf3 Nc6 3. c4 Bg4 4. Nc3 Nf6 5. Ne5 e6 6. Qa4 Bd6 7. Nxc6 bxc6 8.
Qxc6+ Nd7 9. c5 Be7 10. Bf4 O-O 11. e3 Rb8 12. Bxc7 Qc8 13. Ba6 Rb6 14. cxb6
Qxa6 15. Qb5 Qxb5 16. Nxb5 axb6 17. Bd6 Bxd6 18. Nxd6 e5 19. f3 Bh5 20. Kf2 f5
21. Rhc1 e4 22. Rc7 Nf6 23. Nxf5 Ne8 24. Ne7+ Kh8 25. Rc8 exf3 26. g3 h6 27.
Nxd5 Rf5 28. Nc7 1-0

[Event "4. Praha Open B"]
[Site "Praha CZE"]
[Date "2005.01.14"]
[Round "1.13"]
[White "Boehm, Jan"]
[Black "Bilek, Vlastimil"]
[Result "0-1"]
[WhiteElo "1912"]
[BlackElo "2093"]
[PlyCount "90"]
[EventDate "2005.01.14"]
[EventType "swiss"]
[EventRounds "9"]
[EventCountry "CZE"]
[Source "lmi"]
[SourceDate "2005.01.20"]

1. e4 e5 2. Nf3 Nf6 3. d4 Nxe4 4. Bd3 d5 5. Nxe5 Bd6 6. O-O O-O 7. c4 c6 8. Nc3
Nxc3 9. bxc3 Nd7 10. Bf4 Nf6 11. Bg3 Be6 12. Kh1 dxc4 13. Be2 Nd5 14. Nxc4 Bxg3
15. hxg3 Nxc3 16. Qc2 Nxe2 17. Qxe2 Qxd4 18. Ne5 Rfe8 19. Rfd1 Qb6 20. Qf3 Rad8
21. Rab1 Rxd1+ 22. Rxd1 Bd5 23. Rxd5 Qc7 24. Rd7 Qxe5 25. Qxf7+ Kh8 26. Rxb7
Rg8 27. Rb3 Qa1+ 28. Kh2 Qxa2 29. Rb7 Qxf7 30. Rxf7 Ra8 31. g4 a5 32. Rf3 a4
33. Ra3 c5 34. g5 g6 35. Kg3 Kg7 36. Kf4 Kf7 37. Kf3 Ke6 38. Ke4 Ra7 39. g3 Kd6
40. f3 Kc6 41. Kd3 Rd7+ 42. Kc2 Rd4 43. Ra2 Kb5 44. Kc3 Rb4 45. g4 Rb3+ 0-1

[Event "4. Praha Open B"]
[Site "Praha CZE"]
[Date "2005.01.15"]
[Round "2.5"]
[White "Bilek, Vlastimil"]
[Black "Zpevak, Milan"]
[Result "0-1"]
[WhiteElo "2093"]
[BlackElo "1989"]
[PlyCount "144"]
[EventDate "2005.01.14"]
[EventType "swiss"]
[EventRounds "9"]
[EventCountry "CZE"]
[Source "lmi"]
[SourceDate "2005.01.20"]

1. f4 d5 2. Nf3 c5 3. e3 g6 4. Be2 Bg7 5. O-O Nf6 6. c3 O-O 7. d4 b6 8. Ne5 Bb7
9. Nd2 Nbd7 10. Ndf3 Ne4 11. c4 e6 12. Qb3 Qe7 13. cxd5 exd5 14. Bb5 Nb8 15.
Qa4 Rd8 16. Qd1 h5 17. Bd2 Kh7 18. Be1 c4 19. Ng5+ Nxg5 20. fxg5 Bxe5 21. dxe5
Bc6 22. Bxc6 Nxc6 23. Bc3 Rd7 24. Rf6 Nxe5 25. Qd4 Re8 26. Raf1 Qf8 27. Qf4 Qe7
28. Qd4 Qc5 29. Rxf7+ Kg8 30. Rxd7 Qxd4 31. Bxd4 Nxd7 32. Rf4 Rf8 33. g3 Rxf4
34. gxf4 Kf7 35. Kf2 Ke6 36. Kf3 Kf5 37. h3 Nc5 38. Be5 Nd3 39. Bc3 b5 40. a3
a6 41. Bf6 a5 42. Bc3 b4 43. axb4 axb4 44. Bf6 Nc1 45. Bd4 Na2 46. Be5 c3 47.
bxc3 bxc3 48. Ke2 c2 49. Bb2 c1=Q 50. Bxc1 Nxc1+ 51. Kd2 Na2 52. Kd3 Nb4+ 53.
Kd4 Nc2+ 54. Kd3 Nb4+ 55. Kd4 h4 56. Kc3 Nc6 57. Kd3 d4 58. exd4 Kxf4 59. d5
Ne5+ 60. Kd4 Nd7 61. d6 Kxg5 62. Kd5 Kf6 63. Ke4 g5 64. Kf3 Kf5 65. Ke3 Ne5 66.
Kd4 Ke6 67. Ke4 Nf7 68. d7 Kxd7 69. Kf5 Ke7 70. Kg4 Kf6 71. Kf3 Kf5 72. Kg2 Kf4
0-1

[Event "4. Praha Open B"]
[Site "Praha CZE"]
[Date "2005.01.15"]
[Round "2.10"]
[White "Slajs, Vlastimil"]
[Black "Nemcova, Karolina"]
[Result "0-1"]
[WhiteElo "2075"]
[BlackElo "1650"]
[PlyCount "82"]
[EventDate "2005.01.14"]
[EventType "swiss"]
[EventRounds "9"]
[EventCountry "CZE"]
[Source "lmi"]
[SourceDate "2005.01.20"]

1. d4 g6 2. c4 Bg7 3. Nc3 Nf6 4. e4 d6 5. Be2 O-O 6. Bg5 Nc6 7. Qd2 e5 8. d5
Ne7 9. h4 c6 10. h5 cxd5 11. cxd5 a6 12. hxg6 fxg6 13. a4 Qb6 14. a5 Qb4 15. f3
Bd7 16. Nh3 b6 17. axb6 Qxb6 18. Be3 Qb7 19. O-O Bxh3 20. gxh3 Nh5 21. Rf2 Nf4
22. Bf1 g5 23. Kh2 h5 24. Be2 Qc8 25. Bxf4 Rxf4 26. Rg2 Rh4 27. Rg3 Bh6 28. Bf1
Kh7 29. Ne2 g4 30. Qc3 Bf4 31. Nxf4 exf4 32. Rg2 g3+ 33. Rxg3 fxg3+ 34. Kxg3
Qxc3 35. bxc3 Ng6 36. Rxa6 Rxa6 37. Bxa6 Rf4 38. Bc8 h4+ 39. Kf2 Ne5 40. Bg4
Nxg4+ 41. hxg4 Kg6 0-1

[Event "4. Praha Open B"]
[Site "Praha CZE"]
[Date "2005.01.15"]
[Round "2.11"]
[White "Plesnik, Miroslav"]
[Black "Hermes, Frank"]
[Result "1-0"]
[WhiteElo "2040"]
[BlackElo "1747"]
[PlyCount "49"]
[EventDate "2005.01.14"]
[EventType "swiss"]
[EventRounds "9"]
[EventCountry "CZE"]
[Source "lmi"]
[SourceDate "2005.01.20"]

1. d4 Nf6 2. c4 e6 3. Nf3 d5 4. Bg5 Be7 5. e3 O-O 6. Nc3 Nbd7 7. Bd3 dxc4 8.
Bxc4 c6 9. O-O Nd5 10. Bxe7 Qxe7 11. e4 Nxc3 12. bxc3 e5 13. Re1 Nb6 14. Nxe5
Qg5 15. Bb3 Be6 16. Bxe6 fxe6 17. Re3 Rad8 18. Qe2 Nd7 19. Rg3 Qe7 20. Nc4 e5
21. Rd1 exd4 22. cxd4 Nf6 23. Re3 Qc7 24. Ne5 c5 25. Qc4+ 1-0

[Event "4. Praha Open B"]
[Site "Praha CZE"]
[Date "2005.01.15"]
[Round "2.12"]
[White "Jacob, Rudy"]
[Black "Zdrazil, Bohumir"]
[Result "1/2-1/2"]
[WhiteElo "1961"]
[BlackElo "1965"]
[PlyCount "51"]
[EventDate "2005.01.14"]
[EventType "swiss"]
[EventRounds "9"]
[EventCountry "CZE"]
[Source "lmi"]
[SourceDate "2005.01.20"]

1. d4 Nf6 2. c4 g6 3. g3 d6 4. Bg2 Bg7 5. e4 c6 6. Ne2 O-O 7. O-O e5 8. d5 cxd5
9. cxd5 Na6 10. a3 Nc5 11. b4 Na6 12. Nbc3 Bd7 13. Be3 Ng4 14. Qd2 Nxe3 15.
Qxe3 b6 16. Rac1 Nc7 17. Rc2 f5 18. exf5 gxf5 19. f4 Nb5 20. Nxb5 Bxb5 21. Rfc1
Bxe2 22. Qxe2 e4 23. b5 Bd4+ 24. Kh1 Qf6 25. a4 Bc5 26. Rc4 1/2-1/2

[Event "4. Praha Open B"]
[Site "Praha CZE"]
[Date "2005.01.16"]
[Round "3.4"]
[White "Nemcova, Karolina"]
[Black "Vospernik, Andrej"]
[Result "0-1"]
[WhiteElo "1650"]
[BlackElo "2162"]
[PlyCount "72"]
[EventDate "2005.01.14"]
[EventType "swiss"]
[EventRounds "9"]
[EventCountry "CZE"]
[Source "lmi"]
[SourceDate "2005.01.20"]

1. e4 d5 2. exd5 Nf6 3. d4 Qxd5 4. c4 Qe4+ 5. Be3 e5 6. Nc3 Bb4 7. Qa4+ Nc6 8.
Qxb4 Nxb4 9. Nxe4 Nxe4 10. O-O-O Nxa2+ 11. Kb1 Nb4 12. dxe5 Bf5 13. Ka1 Nc2+
14. Ka2 Nxe3 15. fxe3 Nf2 16. Be2 Nxh1 17. Rf1 Be4 18. Nf3 Bxf3 19. Bxf3 O-O-O
20. Rxh1 Rhe8 21. e6 fxe6 22. e4 e5 23. Rf1 Rf8 24. b3 c6 25. Ka3 Kc7 26. Ra1
Rd2 27. Rd1 Rxd1 28. Bxd1 Rf2 29. Bf3 c5 30. h3 Kb6 31. h4 Kc6 32. h5 Kb6 33.
Bg4 Rxg2 34. Bf3 Rf2 35. Bd1 g5 36. h6 Rf4 0-1

[Event "4. Praha Open B"]
[Site "Praha CZE"]
[Date "2005.01.16"]
[Round "3.5"]
[White "Friedel, Marcus"]
[Black "Ruzyak, Pavel"]
[Result "1-0"]
[WhiteElo "2118"]
[BlackElo "1906"]
[PlyCount "107"]
[EventDate "2005.01.14"]
[EventType "swiss"]
[EventRounds "9"]
[EventCountry "CZE"]
[Source "lmi"]
[SourceDate "2005.01.20"]

1. e4 c5 2. c3 d5 3. exd5 Qxd5 4. d4 Nc6 5. Nf3 Bg4 6. Be2 e6 7. O-O cxd4 8.
cxd4 Nf6 9. Nc3 Qa5 10. Qb3 Qb6 11. Qxb6 axb6 12. h3 Bh5 13. Bg5 Be7 14. d5
Nxd5 15. Nxd5 exd5 16. Rfe1 Kf8 17. Bxe7+ Nxe7 18. Ne5 Bxe2 19. Rxe2 Rd8 20.
Rae1 f6 21. Nf7 Kxf7 22. Rxe7+ Kg6 23. Rxb7 d4 24. Rxb6 d3 25. Rd1 Rb8 26. Rxb8
Rxb8 27. b3 Rd8 28. f3 f5 29. f4 Kh5 30. Rd2 Kh4 31. Kh2 Kh5 32. a4 Rd5 33. Kg3
g5 34. fxg5 Kxg5 35. Kf3 Kh4 36. Kf4 h6 37. Kf3 Rd6 38. a5 Rd5 39. b4 Rd4 40.
Ke3 Rxb4 41. Rxd3 Re4+ 42. Kf3 Ra4 43. Rd5 Kg5 44. g4 Ra3+ 45. Kg2 Ra2+ 46. Kg3
Ra3+ 47. Kh2 Ra2+ 48. Kg1 Ra1+ 49. Kf2 Ra2+ 50. Ke1 Ra1+ 51. Kd2 Rh1 52. gxf5
Kf6 53. Kc3 Rxh3+ 54. Kb4 1-0

[Event "4. Praha Open B"]
[Site "Praha CZE"]
[Date "2005.01.16"]
[Round "3.9"]
[White "List, Andre"]
[Black "Nemec, Vaclav"]
[Result "1/2-1/2"]
[WhiteElo "2070"]
[BlackElo "1639"]
[PlyCount "38"]
[EventDate "2005.01.14"]
[EventType "swiss"]
[EventRounds "9"]
[EventCountry "CZE"]
[Source "lmi"]
[SourceDate "2005.01.20"]

1. d4 Nf6 2. c4 g6 3. Nc3 Bg7 4. e4 d6 5. f3 O-O 6. Be3 e5 7. d5 Nbd7 8. Qd2
Ne8 9. g4 Nc5 10. h4 f5 11. gxf5 gxf5 12. O-O-O f4 13. Bf2 Kh8 14. Bh3 Nf6 15.
Bxc8 Rxc8 16. h5 Bh6 17. Bh4 Qe7 18. Qh2 Rg8 19. Nh3 Qf7 1/2-1/2

[Event "4. Praha Open B"]
[Site "Praha CZE"]
[Date "2005.01.16"]
[Round "3.16"]
[White "Slajs, Vlastimil"]
[Black "Bilek, Vlastimil"]
[Result "1-0"]
[WhiteElo "2075"]
[BlackElo "2093"]
[PlyCount "75"]
[EventDate "2005.01.14"]
[EventType "swiss"]
[EventRounds "9"]
[EventCountry "CZE"]
[Source "lmi"]
[SourceDate "2005.01.20"]

1. d4 f5 2. c4 Nf6 3. Nc3 g6 4. Nf3 Bg7 5. Bg5 O-O 6. e3 d6 7. Be2 Qe8 8. O-O
a6 9. Qc2 e5 10. dxe5 dxe5 11. Rfd1 Bd7 12. Rd2 c5 13. Rad1 e4 14. Ne1 Qf7 15.
Bxf6 Bxf6 16. Nd5 Be6 17. Nxf6+ Qxf6 18. g3 Nc6 19. Ng2 Rad8 20. Nf4 Rxd2 21.
Rxd2 Rd8 22. Nd5 Qf7 23. a3 Ne5 24. Qd1 h5 25. Nf6+ Qxf6 26. Rxd8+ Kg7 27. Rb8
h4 28. Rxb7+ Kh6 29. Qd6 Nf7 30. Qf8+ Kg5 31. gxh4+ Kxh4 32. Qe7 Qg5+ 33. Qxg5+
Kxg5 34. Rb6 Kf6 35. Rxa6 Ne5 36. a4 Nf3+ 37. Bxf3 exf3 38. Rc6 1-0

[Event "4. Praha Open B"]
[Site "Praha CZE"]
[Date "2005.01.17"]
[Round "4.1"]
[White "Zpevak, Milan"]
[Black "Snorek, Milan"]
[Result "0-1"]
[WhiteElo "1989"]
[BlackElo "2177"]
[PlyCount "116"]
[EventDate "2005.01.14"]
[EventType "swiss"]
[EventRounds "9"]
[EventCountry "CZE"]
[Source "lmi"]
[SourceDate "2005.01.20"]

1. e4 e5 2. Nf3 Nf6 3. d4 Nxe4 4. dxe5 d5 5. exd6 Nxd6 6. Bd3 Be7 7. O-O O-O 8.
Bf4 Nc6 9. c3 Bg4 10. Nbd2 Qd7 11. Qc2 h6 12. Rad1 Rad8 13. Rfe1 g5 14. Bg3 Bh5
15. Nc4 Qc8 16. Nce5 Nxe5 17. Bxe5 f6 18. Bxd6 Bxd6 19. Bf5 Qb8 20. Nd4 Bxd1
21. Be6+ Kg7 22. Qxd1 Bxh2+ 23. Kh1 Rxd4 24. cxd4 Bd6 25. Re3 Qd8 26. Bf5 h5
27. Qe2 c6 28. Kg1 Rh8 29. Bc2 Qd7 30. Qd3 Rh6 31. Qe4 h4 32. Qe6 Qxe6 33. Rxe6
Bb4 34. a3 Bf8 35. Re8 f5 36. Rb8 Rd6 37. Rxb7+ Kf6 38. Rc7 Rxd4 39. Rxc6+ Ke5
40. Rc8 Bd6 41. Kf1 g4 42. Ke2 Rd5 43. Rh8 Rb5 44. b4 Be7 45. Rh5 Kf4 46. g3+
hxg3 47. fxg3+ Kxg3 48. Rxf5 Rb6 49. Re5 Bf6 50. Re4 Bg5 51. Bd3 Rh6 52. Bc4
Rh2+ 53. Kd3 Rd2+ 54. Kc3 Kf3 55. Re5 Bf4 56. Bd5+ Kg3 57. Rf5 Rd1 58. Be4 Rc1+
0-1

[Event "4. Praha Open B"]
[Site "Praha CZE"]
[Date "2005.01.17"]
[Round "4.6"]
[White "Polifka, Wilfried"]
[Black "Evans, Matthew"]
[Result "0-1"]
[WhiteElo "1906"]
[BlackElo "1750"]
[PlyCount "41"]
[EventDate "2005.01.14"]
[EventType "swiss"]
[EventRounds "9"]
[EventCountry "CZE"]
[Source "lmi"]
[SourceDate "2005.01.20"]

1. f4 Nf6 2. Nf3 e6 3. Nc3 Be7 4. e4 O-O 5. d4 d6 6. Bd3 Nbd7 7. O-O b6 8. e5
Ne8 9. Ne4 Bb7 10. c4 c5 11. Be3 cxd4 12. Bxd4 Nc5 13. Bxc5 dxc5 14. Qc2 Rc8
15. Rad1 Qc7 16. h4 g6 17. h5 Ng7 18. g4 gxh5 19. Qh2 hxg4 20. Nf6+ Bxf6 21.
Qxh7# 0-1

[Event "4. Praha Open B"]
[Site "Praha CZE"]
[Date "2005.01.17"]
[Round "4.13"]
[White "Ruzyak, Pavel"]
[Black "Nemcova, Karolina"]
[Result "1-0"]
[WhiteElo "1906"]
[BlackElo "1650"]
[PlyCount "75"]
[EventDate "2005.01.14"]
[EventType "swiss"]
[EventRounds "9"]
[EventCountry "CZE"]
[Source "lmi"]
[SourceDate "2005.01.20"]

1. d4 Nf6 2. c4 g6 3. Nc3 Bg7 4. e4 d6 5. Nf3 O-O 6. Be2 Nc6 7. O-O e5 8. d5
Ne7 9. Ne1 Ne8 10. Be3 f5 11. f3 f4 12. Bf2 g5 13. b4 h5 14. c5 Nf6 15. a4 Rf7
16. cxd6 cxd6 17. a5 Bf8 18. Nb5 Bd7 19. Nxd6 Rg7 20. Nxb7 Qe8 21. Nd3 Nc8 22.
Ndc5 Bd6 23. Nxd7 Qxd7 24. Nc5 Qe7 25. Rc1 g4 26. Ba6 g3 27. Be1 gxh2+ 28. Kxh2
Rh7 29. Ne6 Ng4+ 30. fxg4 hxg4+ 31. Kg1 g3 32. Qg4+ Kh8 33. Rxc8+ Rxc8 34. Bxc8
Rh4 35. Qg7+ Qxg7 36. Nxg7 Kxg7 37. Bh3 Kf6 38. Bxg3 1-0

[Event "4. Praha Open B"]
[Site "Praha CZE"]
[Date "2005.01.17"]
[Round "4.14"]
[White "Nemec, Vaclav"]
[Black "Horyna, Josef"]
[Result "1-0"]
[WhiteElo "1639"]
[BlackElo "1967"]
[PlyCount "62"]
[EventDate "2005.01.14"]
[EventType "swiss"]
[EventRounds "9"]
[EventCountry "CZE"]
[Source "lmi"]
[SourceDate "2005.01.20"]

1. e4 e6 2. d4 d5 3. exd5 exd5 4. Bd3 Bd6 5. Nf3 Qe7+ 6. Be3 Nf6 7. Nc3 c6 8.
O-O O-O 9. Re1 Qc7 10. Ne5 a6 11. Bg5 Ne4 12. Nxe4 dxe4 13. Rxe4 Bf5 14. Rh4
Bxd3 15. Qxd3 g6 16. Rxh7 Bxe5 17. dxe5 Qxe5 18. Qh3 Re8 19. Rf1 Nd7 20. f4
Qd4+ 21. Kh1 Nf8 22. c3 Nxh7 23. cxd4 f6 24. Bh6 Re7 25. Qd3 f5 26. g4 Rae8 27.
gxf5 Nf6 28. Qg3 Ne4 29. Qxg6+ Kh8 30. f6 Nf2+ 31. Rxf2 Re1+ 1-0

[Event "4. Praha Open B"]
[Site "Praha CZE"]
[Date "2005.01.17"]
[Round "5.8"]
[White "Slajs, Vlastimil"]
[Black "Nemec, Vaclav"]
[Result "1-0"]
[WhiteElo "2075"]
[BlackElo "1639"]
[PlyCount "103"]
[EventDate "2005.01.14"]
[EventType "swiss"]
[EventRounds "9"]
[EventCountry "CZE"]
[Source "lmi"]
[SourceDate "2005.01.20"]

1. d4 Nf6 2. c4 g6 3. Nc3 Bg7 4. e4 d6 5. Be2 O-O 6. Bg5 e5 7. d5 h6 8. Be3
Nbd7 9. Qd2 Kh7 10. h4 Ne8 11. h5 g5 12. g4 Nb8 13. f3 a5 14. Nh3 f6 15. O-O b6
16. b3 Na6 17. Nf2 Bd7 18. Nd3 Rf7 19. a3 Nc5 20. Rfb1 Nxd3 21. Bxd3 c5 22. Qb2
Bc8 23. b4 Rb7 24. bxc5 dxc5 25. Bc2 Nd6 26. Qa2 Bd7 27. Ba4 Bxa4 28. Nxa4 Rab8
29. Nc3 Bf8 30. Qe2 Be7 31. Rb3 Qc7 32. Rab1 Bd8 33. Nb5 Nxb5 34. Rxb5 Be7 35.
Qc2 Bd6 36. Qb3 Be7 37. Bd2 Ra7 38. Rxb6 a4 39. Qb5 Rxb6 40. Qxb6 Qxb6 41. Rxb6
Kg7 42. Be3 Kf7 43. d6 Bd8 44. Rb5 Ra5 45. Rxa5 Bxa5 46. Bxc5 Bd8 47. Bb4 Ke6
48. Kf2 Kd7 49. Ke2 Kc6 50. Kd3 Kb7 51. d7 Kc7 52. Ba5+ 1-0

[Event "4. Praha Open B"]
[Site "Praha CZE"]
[Date "2005.01.17"]
[Round "5.9"]
[White "List, Andre"]
[Black "Evans, Matthew"]
[Result "1-0"]
[WhiteElo "2070"]
[BlackElo "1750"]
[PlyCount "89"]
[EventDate "2005.01.14"]
[EventType "swiss"]
[EventRounds "9"]
[EventCountry "CZE"]
[Source "lmi"]
[SourceDate "2005.01.20"]

1. d4 d5 2. c4 e6 3. Nf3 Nf6 4. Nc3 Be7 5. e3 O-O 6. Bd3 dxc4 7. Bxc4 b6 8. O-O
Bb7 9. Qe2 Nbd7 10. Rd1 Nd5 11. e4 Nxc3 12. bxc3 Nf6 13. Bd3 Qc8 14. Bg5 h6 15.
Bh4 Re8 16. Bg3 c5 17. Rac1 c4 18. Bc2 Qc6 19. Ne5 Qc8 20. a4 Ba6 21. Ra1 Nd7
22. Ng4 Nf6 23. Ne3 Qc6 24. f3 Nh5 25. e5 Rab8 26. Be4 Qc7 27. f4 Nxg3 28. hxg3
f5 29. exf6 Bxf6 30. Kf2 Rf8 31. Qg4 Rbe8 32. Qg6 Rf7 33. Qh7+ Kf8 34. Bg6 Bb7
35. Bxf7 Qxf7 36. Nxc4 Rd8 37. Ne5 Bxe5 38. dxe5 Rd7 39. Qh8+ Ke7 40. Rxd7+
Kxd7 41. Rd1+ Bd5 42. c4 Qg6 43. Rd2 Kc7 44. cxd5 exd5 45. Qa8 1-0

[Event "4. Praha Open B"]
[Site "Praha CZE"]
[Date "2005.01.17"]
[Round "5.10"]
[White "Zdrazil, Bohumir"]
[Black "Bilek, Vlastimil"]
[Result "0-1"]
[WhiteElo "1965"]
[BlackElo "2093"]
[PlyCount "30"]
[EventDate "2005.01.14"]
[EventType "swiss"]
[EventRounds "9"]
[EventCountry "CZE"]
[Source "lmi"]
[SourceDate "2005.01.20"]

1. e4 e5 2. Nf3 d5 3. Nxe5 Bd6 4. d4 dxe4 5. Nc4 Qf6 6. Nxd6+ Qxd6 7. Nc3 Nf6
8. Be2 O-O 9. Nb5 Qe7 10. Bg5 Na6 11. c3 c6 12. Na3 Nc7 13. Nc4 Ne6 14. Qd2 Rd8
15. Ne3 Nxg5 0-1

[Event "4. Praha Open B"]
[Site "Praha CZE"]
[Date "2005.01.17"]
[Round "5.14"]
[White "Hermes, Frank"]
[Black "Jacob, Rudy"]
[Result "0-1"]
[WhiteElo "1747"]
[BlackElo "1961"]
[PlyCount "68"]
[EventDate "2005.01.14"]
[EventType "swiss"]
[EventRounds "9"]
[EventCountry "CZE"]
[Source "lmi"]
[SourceDate "2005.01.20"]

1. d4 d5 2. e4 dxe4 3. Nc3 Nf6 4. f3 c6 5. fxe4 e5 6. d5 Bb4 7. Bg5 h6 8. Bxf6
Qxf6 9. Nf3 O-O 10. Be2 Qg6 11. Qd2 cxd5 12. Qxd5 Bxc3+ 13. bxc3 Nc6 14. Nxe5
Nxe5 15. Qxe5 Qxg2 16. Rf1 Be6 17. Rf2 Qg5 18. Qxg5 hxg5 19. Rb1 b6 20. Rb5 f6
21. c4 Rac8 22. Rb4 Rc5 23. Kd2 Rfc8 24. c3 Bxc4 25. Bxc4+ Rxc4 26. Rxc4 Rxc4
27. Kd3 b5 28. Rb2 a6 29. Rb4 Rxb4 30. cxb4 Kf7 31. Kd4 Ke6 32. Kc5 Ke5 33. Kb6
Kxe4 34. Kxa6 f5 0-1

[Event "4. Praha Open B"]
[Site "Praha CZE"]
[Date "2005.01.17"]
[Round "5.15"]
[White "Belec, Mikolas"]
[Black "Plesnik, Miroslav"]
[Result "1-0"]
[WhiteElo "1560"]
[BlackElo "2040"]
[PlyCount "142"]
[EventDate "2005.01.14"]
[EventType "swiss"]
[EventRounds "9"]
[EventCountry "CZE"]
[Source "lmi"]
[SourceDate "2005.01.20"]

1. e4 e6 2. d4 d5 3. e5 b6 4. c3 Ne7 5. Nf3 Qd7 6. Be2 Nf5 7. O-O Be7 8. Nbd2
Ba6 9. Bxa6 Nxa6 10. Qe2 Qc8 11. Nb3 c6 12. Bd2 O-O 13. Rac1 b5 14. Ng5 h6 15.
Nf3 Nc7 16. Na5 Ne8 17. b4 g5 18. g4 Nfg7 19. Ne1 f5 20. Ng2 fxg4 21. Qxg4 Rf7
22. f4 h5 23. Qe2 g4 24. Be1 Nf5 25. Qd3 h4 26. h3 g3 27. a3 Qc7 28. Bd2 a6 29.
Ne3 Neg7 30. Ng4 Ne8 31. Ra1 c5 32. Rac1 c4 33. Qe2 Qd7 34. Kg2 Bd8 35. Ra1 Kh7
36. Rfe1 Nh6 37. Rf1 Nxg4 38. Qxg4 Ng7 39. Qe2 Nf5 40. Rfe1 Kg8 41. Rf1 Bb6 42.
Rfb1 Rb8 43. Qd1 Bxa5 44. bxa5 Qa7 45. Qc2 Rfb7 46. Qd1 Rg7 47. Qc2 Rf7 48. Qd1
Qc7 49. a4 Qxa5 50. axb5 Qc7 51. bxa6 Rxb1 52. Qxb1 Qa7 53. Qb5 Nxd4 54. Qe8+
Rf8 55. Qg6+ Kh8 56. Qh6+ Kg8 57. Be3 Nf5 58. Qxe6+ Qf7 59. Qxf7+ Kxf7 60. Bc5
Rb8 61. a7 Ra8 62. Rb1 d4 63. cxd4 c3 64. Rc1 c2 65. Kf3 Ke6 66. Rxc2 Kd5 67.
Rd2 Rg8 68. Ra2 Ra8 69. Ra5 Nxd4+ 70. Bxd4+ Kxd4 71. e6 Kc4 1-0

[Event "4. Praha Open B"]
[Site "Praha CZE"]
[Date "2005.01.17"]
[Round "5.16"]
[White "Nemcova, Karolina"]
[Black "Postupa, Martin"]
[Result "0-1"]
[WhiteElo "1650"]
[BlackElo "1889"]
[PlyCount "52"]
[EventDate "2005.01.14"]
[EventType "swiss"]
[EventRounds "9"]
[EventCountry "CZE"]
[Source "lmi"]
[SourceDate "2005.01.20"]

1. e4 e5 2. Nc3 Nc6 3. Nf3 Nf6 4. d4 d6 5. Bb5 exd4 6. Bxc6+ bxc6 7. Qxd4 Be7
8. O-O O-O 9. b3 c5 10. Qd3 Bb7 11. Re1 Nd7 12. Bb2 Bf6 13. Rad1 Re8 14. Nd2
Bd4 15. Qg3 Ne5 16. Na4 Bxb2 17. Nxb2 Qf6 18. f4 Nf3+ 19. Qxf3 Qxb2 20. Nc4 Qf6
21. Rd3 Ba6 22. e5 dxe5 23. Rxe5 Bxc4 24. bxc4 Rab8 25. Rxc5 Qa1+ 26. Kf2 Qe1#
0-1

[Event "4. Praha Open B"]
[Site "Praha CZE"]
[Date "2005.01.17"]
[Round "5.17"]
[White "Skalicky, Jindrich"]
[Black "Kosov, Igor"]
[Result "0-1"]
[WhiteElo "1250"]
[BlackElo "1750"]
[PlyCount "64"]
[EventDate "2005.01.14"]
[EventType "swiss"]
[EventRounds "9"]
[EventCountry "CZE"]
[Source "lmi"]
[SourceDate "2005.01.20"]

1. e4 Nf6 2. e5 Nd5 3. d4 Nc6 4. Be2 e6 5. Nc3 Nxc3 6. bxc3 d6 7. Nf3 dxe5 8.
dxe5 Qxd1+ 9. Bxd1 Bc5 10. Be3 Bxe3 11. fxe3 Ke7 12. O-O b6 13. Be2 Bb7 14.
Rad1 f6 15. exf6+ gxf6 16. Rfe1 Rhg8 17. g3 Rh8 18. Rd2 Nd8 19. Red1 Bc6 20.
Kf2 Nb7 21. Bd3 Nc5 22. a3 e5 23. Bf5 Be4 24. Rd7+ Nxd7 25. Rxd7+ Ke8 26. Bxe4
Kxd7 27. Bxa8 Rxa8 28. e4 a5 29. a4 c6 30. h4 b5 31. axb5 cxb5 32. g4 a4 0-1

[Event "4. Praha Open B"]
[Site "Praha CZE"]
[Date "2005.01.17"]
[Round "5.20"]
[White "Freiedel, Roland"]
[Black "Boehm, Jan"]
[Result "0-1"]
[WhiteElo "1301"]
[BlackElo "1912"]
[PlyCount "48"]
[EventDate "2005.01.14"]
[EventType "swiss"]
[EventRounds "9"]
[EventCountry "CZE"]
[Source "lmi"]
[SourceDate "2005.01.20"]

1. d4 d5 2. Nf3 e6 3. e3 Nf6 4. Bd3 Be7 5. Nbd2 O-O 6. c3 c6 7. e4 Qb6 8. e5
Nfd7 9. O-O Na6 10. Nb3 f6 11. exf6 Nxf6 12. Ng5 c5 13. dxc5 Nxc5 14. Be3 Rd8
15. Bd4 h6 16. Nf3 Bd7 17. a4 Qxb3 18. Bc2 Qxb2 19. Rb1 Qa2 20. Bxc5 Bxc5 21.
Bb3 Qa3 22. Ra1 Qb2 23. Rc1 Be8 24. Rc2 Qxb3 0-1

[Event "4. Praha Open B"]
[Site "Praha CZE"]
[Date "2005.01.18"]
[Round "6.14"]
[White "Horyna, Josef"]
[Black "Hermes, Frank"]
[Result "0-1"]
[WhiteElo "1967"]
[BlackElo "1747"]
[PlyCount "52"]
[EventDate "2005.01.14"]
[EventType "swiss"]
[EventRounds "9"]
[EventCountry "CZE"]
[Source "lmi"]
[SourceDate "2005.01.20"]

1. d4 Nf6 2. Nf3 d6 3. g3 g6 4. Bg2 Bg7 5. O-O O-O 6. c4 Bg4 7. Nc3 Nbd7 8. h3
Bxf3 9. Bxf3 c6 10. e4 e5 11. d5 cxd5 12. cxd5 Qb6 13. Qe2 a6 14. Be3 Qa5 15.
Rfc1 Rac8 16. Rab1 Ne8 17. b4 Qd8 18. Qd2 Nb6 19. Bg4 f5 20. exf5 gxf5 21. Bg5
Nc4 22. Bxf5 Rxf5 23. Bxd8 Nxd2 24. g4 Nxb1 25. gxf5 Nxc3 26. Ba5 Ne2+ 0-1